| 000 | 00859nas a2200289 4500 | ||
|---|---|---|---|
| 001 | BR2012004958 | ||
| 003 | BR-BrBNA | ||
| 005 | 20231205120832.0 | ||
| 007 | ta | ||
| 008 | 230509b bl.|||p| |||| 00| 00por d | ||
| 040 |
_aBR-BrBNA _bpor _cBiblioteca Nacional de Agricultura |
||
| 041 | _a(Pt) | ||
| 072 | _aL60 | ||
| 100 | 1 | _aPádua, S.B. de | |
| 100 | 1 | _aPilarski, F. | |
| 100 | 1 | _aSakabe, R. | |
| 100 | 1 | _aDias-Neto, J. | |
| 100 | 1 | _aChagas, E.C. | |
| 100 | 1 | _aIshikawa, M.M. | |
| 245 | 1 | _aHeparina e K3EDTA como anticoagulantes para tambaqui (Colossoma macropomum Cuvier, 1816) | |
| 650 | _aTAMBAQUI | ||
| 650 | _aCOAGULAÇÃO SANGUÍNEA | ||
| 650 | _aHEMATOLOGIA | ||
| 773 | 0 |
_tActa Amazonica (Brazil) _xISSN 0044-5967 _g(Jun 2012), v. 42(2) p. 293-298 _wBR2012004958 |
|
| 909 |
_a202311 _bLúcia _c55 _dLúcia Elande |
||
| 942 |
_2AGRIS _n0 _cANA |
||
| 999 |
_c220572 _d220572 |
||